[Event "36th Balaton Open A 2018"]
[Site "Balatonlelle"]
[Date "2018.06.16"]
[Round "5"]
[White "Ronce, Nathan"]
[Black "Atkins, Rita"]
[Result "1/2-1/2"]
[WhiteElo "2210"]
[BlackElo "2071"]
[Annotator "NA"]
[PlyCount "63"]
[EventDate "2018.06.12"]
[EventType "swiss"]
[EventCountry "HUN"]
[SourceTitle "playchess.com"]
[Source "ChessBase"]
[SourceQuality "1"]
[TimeControl "40/5400+30:1800+30"]

1. e4 {[%emt 0:00:04]} e6 {[%emt 0:00:49]} 2. d4 {[%emt 0:00:07]} d5 {[%emt 0:00:05]} 3. Bd3 {[%emt 0:00:05]} c5 {[%emt 0:01:36]} 4. exd5 {[%emt 0:01:18]} exd5 {[%emt 0:00:49]} 5. Nf3 {[%emt 0:00:43]} c4 {[%emt 0:05:20]} 6. Be2 {[%emt 0:00:27]} Nf6 {[%emt 0:00:18]} 7. O-O {[%emt 0:00:16]} Be7 {[%emt 0:01:07]} 8. b3 {[%emt 0:01:51]} cxb3 {[%emt 0:03:22]} 9. axb3 {[%emt 0:01:35]} O-O {[%emt 0:00:17]} 10. c4 {[%emt 0:11:39]} Nc6 {[%emt 0:01:25]} 11. Nc3 {[%emt 0:04:06]} Bg4 {[%emt 0:06:13]} 12. Be3 {[%emt 0:03:10]} Nb4 {[%emt 0:08:22]} 13. Ne5 {[%emt 0:09:40]} Bxe2 {[%emt 0:11:31]} 14. Qxe2 {[%emt 0:01:05]} Ne4 {[%emt 0:00:45]} 15. Rfc1 {[%emt 0:05:13]} f6 {[%emt 0:07:44]} 16. Nd3 {[%emt 0:05:44]} Nxc3 {[%emt 0:02:17]} 17. Rxc3 {[%emt 0:01:11]} Re8 {[%emt 0:00:20]} 18. Rcc1 {[%emt 0:02:35]} a5 {[%emt 0:06:35]} 19. c5 {[%emt 0:09:04]} Nc6 {[%emt 0:05:26]} 20. Qf3 {[%emt 0:06:39]} Bf8 {[%emt 0:04:17]} 21. Nf4 {[%emt 0:08:42]} Re4 {[%emt 0:01:31]} 22. Ne2 {[%emt 0:00:25]} Qd7 {[%emt 0:10:42]} 23. Nc3 {[%emt 0:03:40]} Rxd4 {[%emt 0:00:49]} 24. Bxd4 {[%emt 0:00:47]} Nxd4 {[%emt 0:00:05]} 25. Qd3 {[%emt 0:03:17]} Bxc5 {[%emt 0:01:53]} 26. h3 {[%emt 0:08:06]} Rd8 {[%emt 0:00:53]} 27. Na4 {[%emt 0:00:57]} Ba7 {[%emt 0:01:59]} 28. Nc5 {[%emt 0:00:20]} Bxc5 {[%emt 0:01:18]} 29. Rxc5 {[%emt 0:00:06]} b6 {[%emt 0:00:38]} 30. Rc3 {[%emt 0:04:08]} Ne6 {[%emt 0:02:34]} 31. Rac1 {[%emt 0:02:47]} Nc5 {[%emt 0:01:22]} 32. Qd4 1/2-1/2

[Event "36th Balaton Open A 2018"]
[Site "Balatonlelle"]
[Date "2018.06.16"]
[Round "5"]
[White "Forgacs, Jozsef"]
[Black "Tancsa, Tamas"]
[Result "1/2-1/2"]
[WhiteElo "2199"]
[BlackElo "1965"]
[Annotator "NA"]
[PlyCount "60"]
[EventDate "2018.06.12"]
[EventType "swiss"]
[EventCountry "HUN"]
[SourceTitle "playchess.com"]
[Source "ChessBase"]
[SourceQuality "1"]
[TimeControl "40/5400+30:1800+30"]

1. c4 {[%emt 0:00:05]} d6 {[%emt 0:01:13]} 2. Nc3 {[%emt 0:00:26]} e5 {[%emt 0:00:41]} 3. g3 {[%emt 0:00:15]} Nf6 {[%emt 0:00:38]} 4. Bg2 {[%emt 0:00:11]} g6 {[%emt 0:00:38]} 5. d3 {[%emt 0:00:17]} Bg7 {[%emt 0:00:40]} 6. e4 {[%emt 0:00:20]} O-O {[%emt 0:00:37]} 7. Nge2 {[%emt 0:00:09]} Ne8 {[%emt 0:03:46]} 8. O-O {[%emt 0:05:19]} f5 {[%emt 0:00:51]} 9. exf5 {[%emt 0:06:48]} gxf5 {[%emt 0:00:28]} 10. f4 {[%emt 0:00:29]} Nc6 {[%emt 0:01:40]} 11. Rb1 {[%emt 0:04:40]} a5 {[%emt 0:10:26]} 12. a3 {[%emt 0:02:30]} Nd4 {[%emt 0:01:07]} 13. Re1 {[%emt 0:06:23]} c6 {[%emt 0:01:46]} 14. Be3 {[%emt 0:11:47]} Nc7 {[%emt 0:00:43]} 15. Bf2 {[%emt 0:03:13]} Nce6 {[%emt 0:00:57]} 16. Nxd4 {[%emt 0:00:32]} Nxd4 {[%emt 0:01:08]} 17. Ne2 {[%emt 0:01:28]} Qc7 {[%emt 0:10:25]} 18. Kh1 {[%emt 0:05:19]} Bd7 {[%emt 0:00:53]} 19. fxe5 {[%emt 0:03:43]} dxe5 {[%emt 0:00:11]} 20. Bxd4 {[%emt 0:00:18]} exd4 {[%emt 0:00:32]} 21. Nf4 {[%emt 0:00:08]} Rae8 {[%emt 0:01:19]} 22. Qd2 {[%emt 0:07:47]} Bh6 {[%emt 0:04:38]} 23. b4 {[%emt 0:01:34]} axb4 {[%emt 0:00:35]} 24. axb4 {[%emt 0:00:07]} Rxe1+ {[%emt 0:00:37]} 25. Rxe1 {[%emt 0:00:09]} Re8 {[%emt 0:00:22]} 26. Rxe8+ {[%emt 0:07:59]} Bxe8 {[%emt 0:00:00]} 27. Kg1 {[%emt 0:13:50]} Qe5 {[%emt 0:00:49]} 28. Kf2 {[%emt 0:00:18]} Bxf4 {[%emt 0:09:40]} 29. Qxf4 {[%emt 0:00:31]} Qxf4+ {[%emt 0:00:55]} 30. gxf4 {[%emt 0:00:08]} Kg7 {[%emt 0:00:22]} 1/2-1/2

[Event "36th Balaton Open A 2018"]
[Site "Balatonlelle"]
[Date "2018.06.16"]
[Round "5"]
[White "Nagy, Ervin Dr."]
[Black "Metaxasz, Vaszilisz"]
[Result "0-1"]
[WhiteElo "2172"]
[BlackElo "2047"]
[Annotator "NA"]
[PlyCount "48"]
[EventDate "2018.06.12"]
[EventType "swiss"]
[EventCountry "HUN"]
[SourceTitle "playchess.com"]
[Source "ChessBase"]
[SourceQuality "1"]
[TimeControl "40/5400+30:1800+30"]

1. e4 {[%emt 0:00:10]} c5 {[%emt 0:00:40]} 2. Nf3 {[%emt 0:00:19]} Nc6 {[%emt 0:00:19]} 3. d4 {[%emt 0:00:25]} cxd4 {[%emt 0:00:08]} 4. Nxd4 {[%emt 0:00:06]} Qb6 {[%emt 0:00:21]} 5. Nb3 {[%emt 0:00:32]} Nf6 {[%emt 0:00:13]} 6. Nc3 {[%emt 0:00:11]} e6 {[%emt 0:00:07]} 7. Bd3 {[%emt 0:03:30]} a6 {[%emt 0:00:18]} 8. O-O {[%emt 0:00:39]} Be7 {[%emt 0:00:49]} 9. Kh1 {[%emt 0:10:47]} O-O {[%emt 0:00:38]} 10. f4 {[%emt 0:01:15]} d6 {[%emt 0:00:12]} 11. Qf3 {[%emt 0:02:59]} Qc7 {[%emt 0:01:58]} 12. Be3 {[%emt 0:14:39]} b5 {[%emt 0:01:28]} 13. a4 {[%emt 0:00:45]} b4 {[%emt 0:02:11]} 14. Ne2 {[%emt 0:00:11]} Nd7 {[%emt 0:07:50]} 15. Qh3 {[%emt 0:04:40]} g6 {[%emt 0:06:24]} 16. Rad1 {[%emt 0:12:31]} Bf6 {[%emt 0:01:02]} 17. Bc1 {[%emt 0:01:35]} Nb6 {[%emt 0:05:33]} 18. a5 {[%emt 0:02:29]} Na4 {[%emt 0:00:13]} 19. e5 {[%emt 0:04:55]} dxe5 {[%emt 0:05:14]} 20. Be4 {[%emt 0:00:54]} Bb7 {[%emt 0:01:52]} 21. fxe5 {[%emt 0:08:09]} Bxe5 {[%emt 0:00:56]} 22. Qh4 {[%emt 0:01:53]} Nxb2 {[%emt 0:14:35]} 23. Bxb2 {[%emt 0:06:54]} Bxb2 {[%emt 0:00:08]} 24. Rd3 {[%emt 0:00:09]} f5 {[%emt 0:07:43]} 0-1

[Event "36th Balaton Open A 2018"]
[Site "Balatonlelle"]
[Date "2018.06.16"]
[Round "5"]
[White "Boguszlavszkij, Jevgenyij"]
[Black "Sardy, Peter"]
[Result "1/2-1/2"]
[WhiteElo "2170"]
[BlackElo "2340"]
[Annotator "NA"]
[PlyCount "28"]
[EventDate "2018.06.12"]
[EventType "swiss"]
[EventCountry "HUN"]
[SourceTitle "playchess.com"]
[Source "ChessBase"]
[SourceQuality "1"]
[TimeControl "40/5400+30:1800+30"]

1. e4 {[%emt 0:02:39]} c5 {[%emt 0:00:37]} 2. Nf3 {[%emt 0:00:09]} e6 {[%emt 0:00:07]} 3. d3 {[%emt 0:00:28]} Nc6 {[%emt 0:00:28]} 4. g3 {[%emt 0:00:07]} d5 {[%emt 0:00:29]} 5. Nbd2 {[%emt 0:00:06]} g6 {[%emt 0:00:27]} 6. Bg2 {[%emt 0:00:08]} Bg7 {[%emt 0:00:26]} 7. O-O {[%emt 0:00:07]} Nge7 {[%emt 0:00:11]} 8. Re1 {[%emt 0:00:31]} b6 {[%emt 0:02:42]} 9. Nf1 {[%emt 0:07:21]} h6 {[%emt 0:02:36]} 10. c3 {[%emt 0:01:40]} O-O {[%emt 0:07:44]} 11. h4 {[%emt 0:05:34]} a5 {[%emt 0:02:03]} 12. e5 {[%emt 0:06:43]} Ra7 {[%emt 0:08:13]} 13. d4 {[%emt 0:04:22]} Ba6 {[%emt 0:04:13]} 14. a3 {[%emt 0:01:42]} Nb8 1/2-1/2

[Event "36th Balaton Open A 2018"]
[Site "Balatonlelle"]
[Date "2018.06.16"]
[Round "5"]
[White "Gaal, Ede"]
[Black "Rabovszky, Gyorgy"]
[Result "1-0"]
[WhiteElo "2141"]
[BlackElo "1789"]
[Annotator "NA"]
[PlyCount "64"]
[EventDate "2018.06.12"]
[EventType "swiss"]
[EventCountry "HUN"]
[SourceTitle "playchess.com"]
[Source "ChessBase"]
[SourceQuality "1"]
[TimeControl "40/5400+30:1800+30"]

1. e4 {[%emt 0:00:07]} c5 {[%emt 0:00:41]} 2. Nf3 {[%emt 0:00:21]} Nc6 {[%emt 0:00:11]} 3. Bb5 {[%emt 0:00:13]} Na5 {[%emt 0:00:06]} 4. O-O {[%emt 0:01:20]} a6 {[%emt 0:00:04]} 5. Be2 {[%emt 0:00:20]} e6 {[%emt 0:00:18]} 6. b3 {[%emt 0:01:12]} d5 {[%emt 0:02:25]} 7. exd5 {[%emt 0:02:14]} exd5 {[%emt 0:00:25]} 8. Re1 {[%emt 0:00:26]} Be6 {[%emt 0:00:03]} 9. d4 {[%emt 0:00:34]} Nf6 {[%emt 0:00:44]} 10. c3 {[%emt 0:03:13]} c4 {[%emt 0:06:28]} 11. bxc4 {[%emt 0:03:26]} dxc4 {[%emt 0:00:31]} 12. Ng5 {[%emt 0:12:03]} Qd7 {[%emt 0:00:54]} 13. Nxe6 {[%emt 0:01:17]} fxe6 {[%emt 0:00:02]} 14. Bg4 {[%emt 0:00:55]} Nxg4 {[%emt 0:01:48]} 15. Qxg4 {[%emt 0:01:37]} O-O-O {[%emt 0:02:11]} 16. Bf4 {[%emt 0:11:05]} h5 {[%emt 0:11:54]} 17. Qxe6 {[%emt 0:01:21]} Qxe6 {[%emt 0:01:58]} 18. Rxe6 {[%emt 0:00:09]} Rd5 {[%emt 0:01:22]} 19. g3 {[%emt 0:04:02]} g5 {[%emt 0:04:07]} 20. Be5 {[%emt 0:00:42]} Rg8 {[%emt 0:01:42]} 21. Nd2 {[%emt 0:00:58]} Kd7 {[%emt 0:00:44]} 22. Rb6 {[%emt 0:00:24]} Rb5 {[%emt 0:00:32]} 23. Rxb5 {[%emt 0:01:53]} axb5 {[%emt 0:02:15]} 24. Rb1 {[%emt 0:00:21]} b4 {[%emt 0:01:24]} 25. cxb4 {[%emt 0:00:40]} c3 {[%emt 0:00:07]} 26. Ne4 {[%emt 0:01:50]} Bxb4 {[%emt 0:06:52]} 27. Nf6+ {[%emt 0:01:24]} Ke6 {[%emt 0:00:30]} 28. Nxg8 {[%emt 0:00:19]} Ba3 {[%emt 0:00:35]} 29. Re1 {[%emt 0:04:59]} Kd5 {[%emt 0:01:25]} 30. Nf6+ {[%emt 0:00:20]} Kc4 {[%emt 0:01:51]} 31. f4 {[%emt 0:02:09]} Nc6 {[%emt 0:06:14]} 32. Ne4 {[%emt 0:06:27]} Kd5 1-0

[Event "36th Balaton Open A 2018"]
[Site "Balatonlelle"]
[Date "2018.06.16"]
[Round "5"]
[White "Leszko, Bence"]
[Black "Kincs, Imre"]
[Result "1/2-1/2"]
[WhiteElo "2096"]
[BlackElo "2210"]
[Annotator "NA"]
[PlyCount "77"]
[EventDate "2018.06.12"]
[EventType "swiss"]
[EventCountry "HUN"]
[SourceTitle "playchess.com"]
[Source "ChessBase"]
[SourceQuality "1"]
[TimeControl "40/5400+30:1800+30"]

1. Nf3 {[%emt 0:00:02]} d5 {[%emt 0:04:50]} 2. g3 {[%emt 0:00:11]} Nf6 {[%emt 0:00:35]} 3. Bg2 {[%emt 0:00:09]} Bg4 {[%emt 0:00:18]} 4. c4 {[%emt 0:00:58]} e6 {[%emt 0:00:26]} 5. Nc3 {[%emt 0:08:09]} c6 {[%emt 0:01:07]} 6. cxd5 {[%emt 0:00:43]} exd5 {[%emt 0:00:17]} 7. d4 {[%emt 0:01:06]} Nbd7 {[%emt 0:00:29]} 8. O-O {[%emt 0:00:44]} Bd6 {[%emt 0:00:15]} 9. Qc2 {[%emt 0:00:34]} O-O {[%emt 0:04:17]} 10. Nh4 {[%emt 0:01:24]} Re8 {[%emt 0:12:51]} 11. f3 {[%emt 0:04:35]} Bh5 {[%emt 0:00:24]} 12. e4 {[%emt 0:00:11]} dxe4 {[%emt 0:00:41]} 13. fxe4 {[%emt 0:00:16]} Qb6 {[%emt 0:00:08]} 14. Nf5 {[%emt 0:03:29]} Bf8 {[%emt 0:02:02]} 15. Na4 {[%emt 0:03:47]} Qa6 {[%emt 0:00:35]} 16. Re1 {[%emt 0:13:45]} Bg6 {[%emt 0:04:31]} 17. Bf4 {[%emt 0:05:59]} b5 {[%emt 0:03:09]} 18. Nc5 {[%emt 0:02:30]} Nxc5 {[%emt 0:00:37]} 19. dxc5 {[%emt 0:00:06]} Bxf5 {[%emt 0:01:55]} 20. exf5 {[%emt 0:00:24]} Rxe1+ {[%emt 0:00:04]} 21. Rxe1 {[%emt 0:00:11]} Qxa2 {[%emt 0:00:07]} 22. Rd1 {[%emt 0:20:45]} Rc8 {[%emt 0:01:15]} 23. Bd6 {[%emt 0:05:07]} Qa5 {[%emt 0:10:31]} 24. Bxf8 {[%emt 0:03:31]} Kxf8 {[%emt 0:00:13]} 25. Qd3 {[%emt 0:00:35]} Ne8 {[%emt 0:02:34]} 26. Qd7 {[%emt 0:01:04]} Qc7 {[%emt 0:00:12]} 27. b4 {[%emt 0:00:41]} h6 {[%emt 0:02:18]} 28. Bf3 {[%emt 0:01:37]} Qxd7 {[%emt 0:02:56]} 29. Rxd7 {[%emt 0:00:12]} Rc7 {[%emt 0:00:01]} 30. Rxc7 {[%emt 0:01:44]} Nxc7 {[%emt 0:00:03]} 31. Bxc6 {[%emt 0:00:04]} Ke7 {[%emt 0:00:06]} 32. Kf2 {[%emt 0:00:46]} Na6 {[%emt 0:00:17]} 33. Bxb5 {[%emt 0:00:16]} Nxb4 {[%emt 0:00:02]} 34. Ke3 {[%emt 0:01:37]} Nd5+ {[%emt 0:00:28]} 35. Kd4 {[%emt 0:01:17]} Nc7 {[%emt 0:00:12]} 36. Bc4 {[%emt 0:00:31]} Kf6 {[%emt 0:03:08]} 37. g4 {[%emt 0:02:06]} Ke7 {[%emt 0:06:00]} 38. h3 {[%emt 0:04:03]} f6 {[%emt 0:06:39]} 39. Bb3 1/2-1/2

[Event "36th Balaton Open A 2018"]
[Site "Balatonlelle"]
[Date "2018.06.16"]
[Round "5"]
[White "Ananya Rishi Gupta"]
[Black "Vukovic, Ivo"]
[Result "1/2-1/2"]
[WhiteElo "1968"]
[BlackElo "2031"]
[Annotator "NA"]
[PlyCount "37"]
[EventDate "2018.06.12"]
[EventType "swiss"]
[EventCountry "HUN"]
[SourceTitle "playchess.com"]
[Source "ChessBase"]
[SourceQuality "1"]
[TimeControl "40/5400+30:1800+30"]

1. e4 {[%emt 0:00:12]} e5 {[%emt 0:00:38]} 2. Nf3 {[%emt 0:00:15]} Nc6 {[%emt 0:00:07]} 3. Bc4 {[%emt 0:00:20]} Be7 {[%emt 0:00:12]} 4. d4 {[%emt 0:00:32]} d6 {[%emt 0:00:21]} 5. dxe5 {[%emt 0:00:57]} dxe5 {[%emt 0:00:36]} 6. Qxd8+ {[%emt 0:00:49]} Bxd8 {[%emt 0:00:09]} 7. Be3 {[%emt 0:01:08]} Nf6 {[%emt 0:02:40]} 8. Nc3 {[%emt 0:00:27]} a6 {[%emt 0:01:04]} 9. h3 {[%emt 0:02:33]} Be7 {[%emt 0:02:02]} 10. Nd5 {[%emt 0:11:19]} Bd6 {[%emt 0:03:18]} 11. Nxf6+ {[%emt 0:01:10]} gxf6 {[%emt 0:00:09]} 12. O-O-O {[%emt 0:00:42]} f5 {[%emt 0:08:14]} 13. exf5 {[%emt 0:03:05]} Bxf5 {[%emt 0:00:06]} 14. a3 {[%emt 0:04:39]} f6 {[%emt 0:16:16]} 15. Bh6 {[%emt 0:13:39]} Bf8 {[%emt 0:00:30]} 16. Bxf8 {[%emt 0:00:27]} Rxf8 {[%emt 0:00:08]} 17. Rhe1 {[%emt 0:01:10]} Bd7 {[%emt 0:02:42]} 18. Bd5 {[%emt 0:07:40]} O-O-O {[%emt 0:00:56]} 19. Bxc6 {[%emt 0:04:21]} 1/2-1/2

[Event "36th Balaton Open A 2018"]
[Site "Balatonlelle"]
[Date "2018.06.17"]
[Round "6"]
[White "Sardy, Peter"]
[Black "Suta, Andraz"]
[Result "1/2-1/2"]
[WhiteElo "2340"]
[BlackElo "2239"]
[Annotator "NA"]
[PlyCount "74"]
[EventDate "2018.06.12"]
[EventType "swiss"]
[EventCountry "HUN"]
[SourceTitle "playchess.com"]
[Source "ChessBase"]
[SourceQuality "1"]
[TimeControl "40/5400+30:1800+30"]

1. e4 {[%emt 0:01:15]} e5 {[%emt 0:01:03]} 2. Nf3 {[%emt 0:00:05]} Nc6 {[%emt 0:00:03]} 3. Bb5 {[%emt 0:00:06]} a6 {[%emt 0:00:48]} 4. Ba4 {[%emt 0:00:19]} Nf6 {[%emt 0:00:06]} 5. Nc3 {[%emt 0:00:13]} d6 {[%emt 0:02:39]} 6. O-O {[%emt 0:03:58]} b5 {[%emt 0:02:55]} 7. Bb3 {[%emt 0:00:06]} Be7 {[%emt 0:00:33]} 8. a4 {[%emt 0:05:34]} b4 {[%emt 0:01:24]} 9. Nd5 {[%emt 0:00:14]} O-O {[%emt 0:03:48]} 10. d4 {[%emt 0:04:39]} Rb8 {[%emt 0:41:17]} 11. dxe5 {[%emt 0:08:22]} Nxe5 {[%emt 0:03:33]} 12. Nxe5 {[%emt 0:08:37]} dxe5 {[%emt 0:00:05]} 13. Qe2 {[%emt 0:01:56]} Nxd5 {[%emt 0:02:04]} 14. Bxd5 {[%emt 0:01:27]} a5 {[%emt 0:04:01]} 15. Be3 {[%emt 0:04:57]} Bb7 $16 {[%emt 0:02:14]} 16. Rad1 {[%emt 0:00:48]} Qc8 {[%emt 0:00:38]} 17. b3 {[%emt 0:05:02]} Bd6 {[%emt 0:13:56]} 18. Bxb7 {[%emt 0:09:57]} Qxb7 {[%emt 0:00:14]} 19. Qc4 {[%emt 0:00:23]} Ra8 {[%emt 0:01:53]} 20. Rd5 {[%emt 0:06:31]} Ra6 {[%emt 0:01:02]} 21. Rfd1 {[%emt 0:06:07]} Rc6 {[%emt 0:05:32]} 22. Qe2 {[%emt 0:00:32]} Qa6 {[%emt 0:04:55]} 23. Qxa6 {[%emt 0:05:37]} Rxa6 {[%emt 0:00:00]} 24. Kf1 {[%emt 0:00:24]} f6 {[%emt 0:00:31]} 25. Ke2 {[%emt 0:00:11]} Kf7 {[%emt 0:02:06]} 26. R1d3 {[%emt 0:05:34]} Ke6 {[%emt 0:00:36]} 27. Rb5 {[%emt 0:06:24]} Rfa8 {[%emt 0:01:28]} 28. Kd1 {[%emt 0:01:34]} h5 {[%emt 0:02:03]} 29. h4 {[%emt 0:02:31]} g6 {[%emt 0:00:13]} 30. f3 {[%emt 0:00:31]} f5 {[%emt 0:01:36]} 31. Bc5 {[%emt 0:01:52]} Rc6 {[%emt 0:01:35]} 32. Bxd6 {[%emt 0:02:18]} Rxd6 {[%emt 0:00:07]} 33. Rxd6+ {[%emt 0:01:18]} Kxd6 {[%emt 0:00:25]} 34. Rd5+ {[%emt 0:00:14]} Ke6 {[%emt 0:00:06]} 35. Rc5 {[%emt 0:02:03]} Kd6 {[%emt 0:00:15]} 36. Rd5+ {[%emt 0:00:31]} Ke6 {[%emt 0:00:21]} 37. Rc5 Kd6 {[%emt 0:00:11]} 1/2-1/2

[Event "36th Balaton Open A 2018"]
[Site "Balatonlelle"]
[Date "2018.06.17"]
[Round "6"]
[White "Nagy, Daniel"]
[Black "Haszon, David"]
[Result "1-0"]
[WhiteElo "2312"]
[BlackElo "2246"]
[Annotator "NA"]
[PlyCount "116"]
[EventDate "2018.06.12"]
[EventType "swiss"]
[EventCountry "HUN"]
[SourceTitle "playchess.com"]
[Source "ChessBase"]
[SourceQuality "1"]
[TimeControl "40/5400+30:1800+30"]

1. d4 {[%emt 0:00:03]} Nf6 {[%emt 0:10:40]} 2. Nf3 {[%emt 0:00:14]} g6 {[%emt 0:00:14]} 3. c4 {[%emt 0:00:18]} Bg7 {[%emt 0:00:06]} 4. g3 {[%emt 0:00:05]} O-O {[%emt 0:00:09]} 5. Bg2 {[%emt 0:00:05]} d5 {[%emt 0:00:05]} 6. cxd5 {[%emt 0:00:07]} Nxd5 {[%emt 0:00:40]} 7. O-O {[%emt 0:00:07]} Nb6 {[%emt 0:02:43]} 8. Nc3 {[%emt 0:01:30]} Nc6 {[%emt 0:03:41]} 9. e3 {[%emt 0:00:36]} Be6 {[%emt 0:07:21]} 10. b3 {[%emt 0:05:47]} Nd5 {[%emt 0:01:10]} 11. Na4 {[%emt 0:08:17]} Bg4 {[%emt 0:08:18]} 12. h3 {[%emt 0:15:34]} Bc8 {[%emt 0:00:07]} 13. Ba3 {[%emt 0:01:34]} Nb6 {[%emt 0:02:15]} 14. Nc5 {[%emt 0:08:23]} Re8 {[%emt 0:04:36]} 15. Rc1 {[%emt 0:01:04]} Nd7 $16 {[%emt 0:02:33]} 16. Qc2 {[%emt 0:11:02]} Nxc5 {[%emt 0:03:59]} 17. Bxc5 {[%emt 0:01:01]} Nb8 {[%emt 0:08:18]} 18. Rfd1 {[%emt 0:05:40]} c6 {[%emt 0:03:12]} 19. a4 {[%emt 0:05:46]} Nd7 {[%emt 0:00:42]} 20. Ba3 {[%emt 0:00:19]} Nf6 {[%emt 0:00:58]} 21. Ne5 {[%emt 0:02:17]} Nd7 {[%emt 0:03:41]} 22. Nd3 {[%emt 0:04:42]} Qa5 {[%emt 0:03:00]} 23. b4 {[%emt 0:04:23]} Qf5 {[%emt 0:03:31]} 24. e4 {[%emt 0:00:53]} Qg5 {[%emt 0:01:26]} 25. h4 {[%emt 0:02:48]} Qg4 {[%emt 0:01:50]} 26. Bb2 {[%emt 0:00:59]} Bh6 {[%emt 0:10:19]} 27. Ra1 {[%emt 0:03:33]} Bg7 {[%emt 0:00:43]} 28. Nf4 {[%emt 0:04:35]} Nf6 {[%emt 0:03:58]} 29. e5 {[%emt 0:03:33]} Bf5 {[%emt 0:05:47]} 30. Qb3 {[%emt 0:01:08]} Be4 {[%emt 0:00:59]} 31. exf6 {[%emt 0:01:30]} exf6 {[%emt 0:01:57]} 32. Bh3 {[%emt 0:02:38]} Qf3 {[%emt 0:00:48]} 33. Qxf3 {[%emt 0:00:10]} Bxf3 {[%emt 0:00:06]} 34. Re1 {[%emt 0:01:36]} g5 {[%emt 0:00:21]} 35. Nd3 {[%emt 0:00:58]} gxh4 {[%emt 0:01:25]} 36. gxh4 {[%emt 0:00:05]} a5 {[%emt 0:01:11]} 37. b5 {[%emt 0:01:18]} cxb5 {[%emt 0:02:13]} 38. axb5 {[%emt 0:00:12]} Bf8 {[%emt 0:01:23]} 39. Bg2 {[%emt 0:01:28]} Be2 {[%emt 0:00:44]} 40. Bf1 {[%emt 0:00:00]} Bf3 {[%emt 0:01:10]} 41. Nc5 {[%emt 0:03:12]} Bd6 {[%emt 0:03:22]} 42. Bg2 {[%emt 0:00:40]} Bxg2 {[%emt 0:02:06]} 43. Kxg2 {[%emt 0:00:01]} Rxe1 {[%emt 0:00:10]} 44. Rxe1 {[%emt 0:00:02]} a4 {[%emt 0:00:09]} 45. Ra1 {[%emt 0:00:53]} b6 {[%emt 0:00:48]} 46. Rxa4 {[%emt 0:01:53]} Rc8 {[%emt 0:00:30]} 47. Ne4 {[%emt 0:00:29]} Be7 {[%emt 0:00:12]} 48. d5 {[%emt 0:00:31]} f5 {[%emt 0:00:24]} 49. Nf6+ {[%emt 0:00:28]} Kg7 {[%emt 0:00:14]} 50. Nd7+ {[%emt 0:02:08]} Kg6 {[%emt 0:00:23]} 51. Ne5+ {[%emt 0:00:45]} Kh5 {[%emt 0:00:20]} 52. Nc6 {[%emt 0:00:21]} Rg8+ {[%emt 0:01:10]} 53. Kf3 {[%emt 0:00:11]} Bf8 {[%emt 0:00:39]} 54. Ra8 {[%emt 0:00:44]} Kxh4 {[%emt 0:00:25]} 55. d6 {[%emt 0:00:32]} Bxd6 {[%emt 0:00:58]} 56. Rxg8 {[%emt 0:00:05]} h5 {[%emt 0:00:12]} 57. Bf6+ {[%emt 0:01:07]} Kh3 {[%emt 0:00:09]} 58. Rh8 {[%emt 0:00:06]} h4 {[%emt 0:00:14]} 1-0

[Event "36th Balaton Open A 2018"]
[Site "Balatonlelle"]
[Date "2018.06.17"]
[Round "6"]
[White "Kincs, Imre"]
[Black "Gunyecz, Zoltan Dr"]
[Result "1-0"]
[WhiteElo "2210"]
[BlackElo "1987"]
[Annotator "NA"]
[PlyCount "47"]
[EventDate "2018.06.12"]
[EventType "swiss"]
[EventCountry "HUN"]
[SourceTitle "playchess.com"]
[Source "ChessBase"]
[SourceQuality "1"]
[TimeControl "40/5400+30:1800+30"]

1. d4 {[%emt 0:01:14]} Nf6 {[%emt 0:01:58]} 2. Nf3 {[%emt 0:00:12]} g6 {[%emt 0:00:06]} 3. c4 {[%emt 0:00:03]} Bg7 {[%emt 0:00:04]} 4. Nc3 {[%emt 0:00:04]} d5 {[%emt 0:00:03]} 5. e3 {[%emt 0:01:40]} O-O {[%emt 0:00:47]} 6. h4 {[%emt 0:06:59]} c5 {[%emt 0:02:59]} 7. h5 {[%emt 0:02:04]} cxd4 {[%emt 0:03:34]} 8. exd4 {[%emt 0:01:16]} Nc6 {[%emt 0:04:48]} 9. hxg6 {[%emt 0:01:26]} fxg6 {[%emt 0:03:52]} 10. Be3 {[%emt 0:01:34]} e6 {[%emt 0:07:28]} 11. Qd2 $14 {[%emt 0:03:59]} Ng4 {[%emt 0:18:25]} 12. O-O-O {[%emt 0:10:13]} a6 {[%emt 0:08:49]} 13. Bg5 {[%emt 0:06:14]} Qa5 {[%emt 0:04:23]} 14. Rh4 {[%emt 0:03:55]} e5 {[%emt 0:07:51]} 15. dxe5 {[%emt 0:08:30]} Ncxe5 {[%emt 0:04:43]} 16. Qxd5+ {[%emt 0:01:34]} Qxd5 {[%emt 0:00:21]} 17. Nxd5 {[%emt 0:00:01]} Be6 {[%emt 0:06:09]} 18. Ne7+ {[%emt 0:01:39]} Kf7 {[%emt 0:05:20]} 19. Rxh7 {[%emt 0:01:11]} Nxf3 {[%emt 0:01:00]} 20. gxf3 {[%emt 0:00:33]} Nf6 {[%emt 0:00:15]} 21. Bxf6 {[%emt 0:00:26]} Kxf6 {[%emt 0:00:01]} 22. Nd5+ {[%emt 0:00:11]} Kf7 {[%emt 0:00:33]} 23. Nc7 {[%emt 0:00:58]} Rh8 {[%emt 0:02:22]} 24. Rxg7+ {[%emt 0:01:51]} 1-0